| 000 | 00512nam a2200193 a 4500 | ||
|---|---|---|---|
| 005 | 20140412111429.0 | ||
| 008 | 090226s19uu xx 00 eng d | ||
| 020 | _a0-590-12008-5 | ||
| 050 |
_aTR(PS E _bWh55 2003 |
||
| 100 | _aKeenan, Sheila | ||
| 245 |
_aWhat time is it? : _bA Book of math riddles / _cSheila Keenan. |
||
| 260 |
_aU.S.A : _bScholastic, _c2003. |
||
| 300 | _aunp. | ||
| 440 | _aScholastic Reader 2 | ||
| 500 | _aA Math Reader! | ||
| 650 | _aTime | ||
| 650 | _aRiddles | ||
| 999 |
_c106325 _d106325 |
||